00265nam a2200109Ia 4500008004100000100002100041245003100062260002700093650001300120942000700133999001500140190216s9999||||xx |||||||||||||| ||und|| aBalachandran M K 0aFundamentals Of Statistics bRatan Prakashan Mandir aCommerce cBK c4629d4629